000 00661nam a2200253Ia 4500
003 OSt
005 20220925212447.0
006 a|||||r|||| 00| 0
007 ta
008 220923b |||||||| |||| 00| 0 eng d
020 _a0 04 370059 4
037 _cGeneral Book
040 _aRTL
_cRTL
_beng
041 _2eng
_aeng
082 _aR40bT, L5
100 _aBarrow Robin
_914824
245 0 _aMoral philosophy for eduction
260 _aLondon
_bAllen & Unwin U K
_c1975
300 _a214p
_ccm.
490 _aUnwin Education Books
650 _aEthics
942 _hR40bT, L5
_cGB
_2CC
999 _c560429
_d560429